Investing for Dummies (Record no. 5790)

MARC details
005 - DATE AND TIME OF LATEST TRANSACTION
control field 20250628050922.0
020 ## - INTERNATIONAL STANDARD BOOK NUMBER
International Standard Book Number 978-0-470-66678-4
082 ## - DEWEY DECIMAL CLASSIFICATION NUMBER
Classification number 658
100 ## - MAIN ENTRY--PERSONAL NAME
Author name LEVENE, T
245 ## - TITLE STATEMENT
Title Investing for Dummies
250 ## - EDITION STATEMENT
Edition statement 3rd Ed.
260 ## - PUBLICATION, DISTRIBUTION, ETC.
Place of publication, distribution, etc. London
Name of publisher, distributor, etc. A John Wiley and Sons Ltd
Date of publication, distribution, etc. 2010.
300 ## - PHYSICAL DESCRIPTION
Extent xviii,326p.
Other physical details Index
Dimensions 23cm
942 ## - ADDED ENTRY ELEMENTS (KOHA)
Source of classification or shelving scheme Dewey Decimal Classification
Koha item type Books
Holdings
Date last seen Total checkouts Full call number Barcode Cost, replacement price Price effective from Koha item type Lost status Source of classification or shelving scheme Damaged status Not for loan Withdrawn status Home library Current library Shelving location Date acquired Source of acquisition Cost, normal purchase price
06/28/2025   332.6 LEV MZA0002611 150000.00 06/28/2025 Books   Dewey Decimal Classification       CBE Mwanza CBE Mwanza General Collection 06/19/2019 Library Budget 50000.00
06/28/2025   332.6 LEV MZA0002717 150000.00 06/28/2025 Books   Dewey Decimal Classification       CBE Mwanza CBE Mwanza General Collection 06/19/2019 Library Budget 50000.00